000 00533nam a22001817a 4500
005 20251108170133.0
008 250721s2000 xx 000 0 ara d
082 1 4 _a135.3/سير
100 1 _aبن سيرين، محمد
245 1 0 _aتفسير الأحلام /
250 _aطبعة جديدة منقحة و مصححه
264 1 _aعمان :
_bدار الإسراء للنشر و التوزيع،
_c2000.
300 _a264ص
650 1 7 _aالأحلام
650 1 7 _aالتفسير
942 _2ddc
_cBK
999 _c40608
_d40608